| 000 | 00593nam a2200241Ia 4500 | ||
|---|---|---|---|
| 005 | 20250425162211.0 | ||
| 008 | 250425s9999 xx 000 0 und d | ||
| 020 | _a087584782X | ||
| 041 | _aeng | ||
| 082 | _a658 | ||
| 100 | _aGEUS, ARIE DE | ||
| 245 | 0 | _aTHE LIVING COMPANY | |
| 250 | _a1ST ED. | ||
| 260 | _aBOSTON | ||
| 260 |
_aEstados Unidos _bHARVARD BUSINESS SCHOOL PRESS _c1997 |
||
| 300 | _a214 | ||
| 650 | _aADMINISTRACION | ||
| 650 | _aCOMPAÑIAS | ||
| 650 | _aGERENCIA | ||
| 710 | _aHARVARD BUSINESS SCHOOL PUBLISHING CORPORATION | ||
| 942 | _c01 | ||
| 010 | _a55681 | ||
| 999 |
_c224382 _d224382 |
||